000 00686nam a22002297a 4500
003 0
005 20241111154739.0
008 241111b xxu||||| |||| 00| 0 eng d
020 _a978-1-78603-610-0
082 _aER
_bM963 2019
100 _aWoolley, Katie
245 _aMunch crunch lunch
_cKatie Woolley.
260 _aLondon :
_bQED Publishing,
_cc2019.
300 _a31 p. :
_bcol. ill. ;
_c22 cm.
490 _aReading gems phonics ;
_v3
650 _aChildren's stories.
650 _aReaders (Elementary)
650 _aExtraterrestrial beings -- Juvenile fiction.
650 _aLuncheons -- Juvenile fiction.
650 _aInsects -- Juvenile fiction.
942 _2ddc
_cBK
999 _c366674
_d366674